Wird geladen...

Demography

Bibliographische Detailangaben
1. Verfasser: Jhingan,M.L
Weitere Verfasser: Bhatt,B.K, Desai,J.N
Format: Printed Book
Veröffentlicht: Delhi Vrinda publication(P) Ltd. 2005
Ausgabe:2 rev.
Schlagworte:
LEADER 00639nam a2200217Ia 4500
003 OSt
020 |a 8182810248 
082 |a 304.6  |b JHI/DE 
100 |a Jhingan,M.L. 
245 |a Demography 
250 |a 2 rev. 
260 |a Delhi  |b Vrinda publication(P) Ltd.  |c 2005 
300 |a 310 
546 |a English 
650 |a Family Planning,Population Theories 
650 |a Family Planning,Population Theories 
700 |a Bhatt,B.K. 
700 |a Desai,J.N. 
942 |2 ddc  |c BK 
999 |c 6886  |d 6886 
952 |0 0  |1 0  |2 ddc  |4 0  |6 304_600000000000000_JHIDE  |7 0  |9 8014  |a KAUCLV  |b KAUCLV  |c GENERAL  |d 2014-03-18  |o 304.6 JHI/DE  |p 214759  |r 2014-03-18  |w 2014-03-18  |y BK